000 00590nam a2200181Ia 4500
003 GCL
008 140319s9999 xx 000 0 ara d
020 _a3180305977
040 _aGCL /
_cGCL
082 0 4 _a791.43
_bم ص
100 1 _aمجدى عبدالرحمن
245 1 0 _aصلاح مرعى .. سحر الواقع والخيال /
_cمجدى عبدالرحمن
250 _aالاولى
260 _aالقاهرة :
_bوزارة الثقافة - صندوق التنمية الثقافية ،
_c2001
300 _a290ص ؛
_c20سم
650 0 4 _aالسينما
942 _2ddc
_cBK
999 _c7828
_d7828